Catálogo de la Biblioteca Horacio González - Universidad Nacional de General Sarmiento

Tratado teológico - político : (Registro nro. 18504)

Detalles MARC
000 -CABECERA
campo de control de longitud fija 00737nam a22003010a 4500
001 - NÚMERO DE CONTROL
campo de control PT21239
003 - IDENTIFICADOR DEL NÚMERO DE CONTROL
campo de control AR-LpoUNG
005 - FECHA Y HORA DE LA ÚLTIMA TRANSACCIÓN
campo de control 20210131232959.0
008 - DATOS DE LONGITUD FIJA--INFORMACIÓN GENERAL
campo de control de longitud fija 191001s1996||||sp |||||||||||||||||spa d
020 ## - NÚMERO INTERNACIONAL ESTÁNDAR DEL LIBRO
Número Internacional Estándar del Libro 8430912126
Condiciones de disponibilidad $16
040 ## - FUENTE DE LA CATALOGACIÓN
Centro catalogador/agencia de origen AR-LpoUNG
Lengua de catalogación spa
Centro/agencia transcriptor AR-LpoUNG
Normas de descripción aacr
041 ## - CÓDIGO DE LENGUA
Código de lengua del texto/banda sonora o título independiente spa
044 ## - CÓDIGO DEL PAÍS DE LA ENTIDAD EDITORA/PRODUCTORA
Código MARC del país sp
082 0# - NÚMERO DE LA CLASIFICACIÓN DECIMAL DEWEY
Número de clasificación 320.092 758tra
100 1# - ENTRADA PRINCIPAL--NOMBRE DE PERSONA
Nombre de persona Spinoza, Baruch
245 10 - MENCIÓN DE TÍTULO
Título Tratado teológico - político :
Resto del título selección
250 ## - MENCIÓN DE EDICIÓN
Mención de edición 3§ ed.
260 ## - PUBLICACIÓN, DISTRIBUCIÓN, ETC.
Lugar de publicación, distribución, etc. Madrid :
Nombre del editor, distribuidor, etc. Tecnos,
Fecha de publicación, distribución, etc. 1996.
300 ## - DESCRIPCIÓN FÍSICA
Extensión 262 p. :
Otras características físicas fot.
650 #4 - PUNTO DE ACCESO ADICIONAL DE MATERIA--TÉRMINO DE MATERIA
Término de materia o nombre geográfico como elemento de entrada DERECHO
650 #4 - PUNTO DE ACCESO ADICIONAL DE MATERIA--TÉRMINO DE MATERIA
Término de materia o nombre geográfico como elemento de entrada ESTADO
650 #4 - PUNTO DE ACCESO ADICIONAL DE MATERIA--TÉRMINO DE MATERIA
Término de materia o nombre geográfico como elemento de entrada FILOSOFIA
653 ## - TÉRMINO DE INDIZACIÓN--NO CONTROLADO
Término no controlado FILOSOFIA POLITICA
653 ## - TÉRMINO DE INDIZACIÓN--NO CONTROLADO
Término no controlado MAES
700 1# - PUNTO DE ACCESO ADICIONAL--NOMBRE DE PERSONA
Nombre de persona Tierno Galván, Enrique
Término indicativo de función/relación tr.
905 ## - ELEMENTOS DE DATOS E LOCAL, LDE (RLIN)
a 21239
942 ## - ELEMENTOS DE PUNTO DE ACCESO ADICIONAL (KOHA)
Tipo de ítem Koha Libro
Existencias
Estado de retiro Estado de pérdida Fuente del sistema de clasificación o colocación Estado dañado No para préstamo Código de colección Localización permanente Ubicación/localización actual Fecha de adquisición Total de préstamos Signatura topográfica completa Código de barras Fecha visto por última vez Fecha del último préstamo Precio válido a partir de Tipo de ítem Koha Renovaciones totales
    Dewey Decimal Classification     Colección General Biblioteca Universidad Nacional de General Sarmiento Biblioteca Universidad Nacional de General Sarmiento 31/01/2021 2 320.092 758tra 00023254 27/04/2026 09/04/2026 31/01/2021 Libro  
          Colección General Biblioteca Universidad Nacional de General Sarmiento Biblioteca Universidad Nacional de General Sarmiento 31/01/2021 1 320.092 758tra 00028260 29/04/2026 15/04/2026 31/01/2021 Libro 1
          Colección General Biblioteca Universidad Nacional de General Sarmiento Biblioteca Universidad Nacional de General Sarmiento 31/01/2021   320.092 758tra S00024586 31/01/2021   31/01/2021 Lectura en Sala